[Event "Montreal Saturday op 11"]
[Site "Montreal CAN"]
[Date "2009.12.16"]
[Round "5"]
[White "Dubois, Laurent"]
[Black "Lange, Holger"]
[Result "0-1"]
[WhiteElo "1566"]
[BlackElo "1614"]
[PlyCount "61"]
[GameId "2160767910030273"]
[EventDate "2009.11.18"]
[EventType "tourn"]
[EventRounds "5"]
[EventCountry "CAN"]
[SourceTitle "EXT 2011"]
[Source "ChessBase"]
[SourceDate "2011.11.26"]
[SourceVersion "1"]
[SourceVersionDate "2011.11.26"]
[SourceQuality "1"]

1. e4 c5 2. Nf3 Nc6 3. Nc3 d6 4. d4 cxd4 5. Nxd4 Nf6 6. Bb5 Bd7 7. O-O e6 8. Bg5 Be7 9. Re1 O-O 10. Qd2 h6 11. Bh4 Qb6 12. Rad1 Rfd8 13. b3 Rac8 14. Nxc6 Bxc6 15. Bxc6 Qxc6 16. Re3 Ng4 17. Rg3 Bxh4 18. Rxg4 Bf6 19. e5 Bxe5 20. Rc4 Qd7 21. Rxc8 Rxc8 22. Ne2 Rd8 23. c4 Qc6 24. Qa5 b6 25. Qd2 Bf6 26. h3 d5 27. cxd5 Rxd5 28. Qc1 Rc5 29. Qe3 Re5 30. Qc1 Qb7 31. Rd2 0-1

[Event "Montreal Saturday op 11"]
[Site "Montreal CAN"]
[Date "2009.12.16"]
[Round "5"]
[White "Dumont, Felix"]
[Black "Levkovsky, Alexandre"]
[Result "0-1"]
[WhiteElo "1936"]
[BlackElo "2217"]
[PlyCount "144"]
[GameId "2160767910030274"]
[EventDate "2009.11.18"]
[EventType "tourn"]
[EventRounds "5"]
[EventCountry "CAN"]
[SourceTitle "EXT 2011"]
[Source "ChessBase"]
[SourceDate "2011.11.26"]
[SourceVersion "1"]
[SourceVersionDate "2011.11.26"]
[SourceQuality "1"]

1. e4 e5 2. Nf3 Nc6 3. Bb5 a6 4. Ba4 Nf6 5. O-O Be7 6. Re1 b5 7. Bb3 d6 8. c3 Na5 9. Bc2 c5 10. h3 O-O 11. d4 Qc7 12. Nbd2 cxd4 13. cxd4 Nc6 14. d5 Nb4 15. Bb1 a5 16. Nf1 Bd7 17. a3 Na6 18. Bd2 Nc5 19. b4 axb4 20. Bxb4 Rfc8 21. Re2 Qa7 22. Raa2 Bd8 23. Ng3 g6 24. Bd3 Ne8 25. Rec2 Bb6 26. Qe2 Qa4 27. Rc3 Nxd3 28. Qxd3 Rxc3 29. Qxc3 Qd1+ 30. Qe1 Qb3 31. Qd2 Rc8 32. Rb2 Qc4 33. Ne1 Qc1 34. Qxc1 Rxc1 35. Rc2 Rxc2 36. Nxc2 f5 37. Kf1 f4 38. Ne2 f3 39. Ng1 fxg2+ 40. Kxg2 Kf7 41. h4 Bd8 42. Kg3 Nf6 43. Kf3 Nxe4 44. Kxe4 Bf5+ 45. Ke3 Bxc2 46. Bxd6 Bb6+ 47. Ke2 Bb3 48. Bxe5 Bc4+ 49. Ke1 Bxd5 50. Ne2 Bc5 51. Nd4 Bc4 52. Nc2 Ke6 53. Bg3 Kd5 54. Nb4+ Ke4 55. Kd2 Bd4 56. Nc2 Bb2 57. Bd6 Kf3 58. Bc5 Bf6 59. Ne3 Be6 60. h5 gxh5 61. Nc2 h4 62. Ne1+ Ke4 63. f3+ Kd5 64. Bg1 Bg5+ 65. Ke2 h3 66. Nd3 Bf5 67. Bh2 Bxd3+ 68. Kxd3 Be7 69. Kc3 Bxa3 70. Kb3 Bd6 71. f4 Ke4 72. f5 Bxh2 0-1

[Event "Montreal Saturday op 11"]
[Site "Montreal CAN"]
[Date "2009.12.16"]
[Round "5"]
[White "Gates, Claude-Eric"]
[Black "Pilotte, Benoit"]
[Result "1-0"]
[WhiteElo "1683"]
[BlackElo "1786"]
[PlyCount "41"]
[GameId "2160767910030276"]
[EventDate "2009.11.18"]
[EventType "tourn"]
[EventRounds "5"]
[EventCountry "CAN"]
[SourceTitle "EXT 2011"]
[Source "ChessBase"]
[SourceDate "2011.11.26"]
[SourceVersion "1"]
[SourceVersionDate "2011.11.26"]
[SourceQuality "1"]

1. c4 e5 2. g3 f5 3. Bg2 Nf6 4. Nc3 Bc5 5. e3 e4 6. Nge2 Nc6 7. d4 exd3 8. Qxd3 Ne5 9. Qxf5 d6 10. Qc2 Nxc4 11. b3 Na3 12. Qd3 c6 13. Bb2 O-O 14. O-O d5 15. Rac1 Qe7 16. Nf4 a6 17. Ncxd5 cxd5 18. Bxf6 Qd6 19. Bxd5+ Kh8 20. Bxg7+ Kxg7 21. Qc3+ 1-0

[Event "Montreal Saturday op 11"]
[Site "Montreal CAN"]
[Date "2009.12.16"]
[Round "5"]
[White "Gauthier, Luc"]
[Black "Khudaverdian, Berj"]
[Result "1-0"]
[WhiteElo "1700"]
[BlackElo "1782"]
[PlyCount "65"]
[GameId "2160767910030277"]
[EventDate "2009.11.18"]
[EventType "tourn"]
[EventRounds "5"]
[EventCountry "CAN"]
[SourceTitle "EXT 2011"]
[Source "ChessBase"]
[SourceDate "2011.11.26"]
[SourceVersion "1"]
[SourceVersionDate "2011.11.26"]
[SourceQuality "1"]

1. e4 g6 2. d4 Bg7 3. Nc3 d6 4. Be3 c6 5. Qd2 b5 6. f3 Nd7 7. g4 Qa5 8. Nge2 a6 9. Ng3 Bb7 10. h4 b4 11. Nce2 c5 12. h5 e5 13. dxc5 dxc5 14. h6 Bf8 15. Bh3 Rd8 16. Nc1 c4 17. Qe2 Qb5 18. b3 c3 19. Qxb5 axb5 20. g5 Bc5 21. Bxd7+ Rxd7 22. Bxc5 Rd2 23. Bxb4 Rxc2 24. Nge2 Ne7 25. Bxc3 Nc6 26. Kd1 Nd4 27. Bxd4 Rc7 28. Bxe5 Rd7+ 29. Nd4 O-O 30. Nce2 Re8 31. Bf6 b4 32. Kd2 Ba6 33. Ke3 1-0

[Event "Montreal Saturday op 11"]
[Site "Montreal CAN"]
[Date "2009.12.16"]
[Round "5"]
[White "Matheson, Ben"]
[Black "Ber, Alexandre"]
[Result "1-0"]
[WhiteElo "1569"]
[BlackElo "1602"]
[PlyCount "70"]
[GameId "2160767910030278"]
[EventDate "2009.11.18"]
[EventType "tourn"]
[EventRounds "5"]
[EventCountry "CAN"]
[SourceTitle "EXT 2011"]
[Source "ChessBase"]
[SourceDate "2011.11.26"]
[SourceVersion "1"]
[SourceVersionDate "2011.11.26"]
[SourceQuality "1"]

1. e4 e6 2. d4 d5 3. e5 c5 4. c3 Nc6 5. Nf3 Bd7 6. Bd3 Qb6 7. O-O cxd4 8. cxd4 Nxd4 9. Nxd4 Qxd4 10. Nc3 Qxe5 11. Re1 Qd6 12. Nb5 Bxb5 13. Bxb5+ Kd8 14. Qf3 Nf6 15. a3 Qb6 16. Ba4 h6 17. Bf4 Bd6 18. Rac1 Rc8 19. b4 Bxf4 20. Qxf4 Ke7 21. Rcd1 Rhd8 22. Rd3 Qd6 23. Qd4 a6 24. Rg3 Kf8 25. Bb3 Rc7 26. Rf3 Rdc8 27. Rxf6 gxf6 28. Qxf6 Rc1 29. Qxh6+ Ke7 30. Rxc1 Rxc1+ 31. Qxc1 d4 32. Qc5 Qxc5 33. bxc5 Kd7 34. Ba4+ b5 35. cxb6+ Kc8 1-0

[Event "Montreal Saturday op 11"]
[Site "Montreal CAN"]
[Date "2009.12.16"]
[Round "5"]
[White "Pozdnyakov, Alexander"]
[Black "Keane-McCarney, Eamon"]
[Result "0-1"]
[WhiteElo "1704"]
[BlackElo "1640"]
[PlyCount "96"]
[GameId "2160767910030279"]
[EventDate "2009.11.18"]
[EventType "tourn"]
[EventRounds "5"]
[EventCountry "CAN"]
[SourceTitle "EXT 2011"]
[Source "ChessBase"]
[SourceDate "2011.11.26"]
[SourceVersion "1"]
[SourceVersionDate "2011.11.26"]
[SourceQuality "1"]

1. f4 c5 2. Nf3 g6 3. e4 Bg7 4. Be2 d6 5. O-O Nf6 6. d3 Nc6 7. Kh1 O-O 8. Na3 Be6 9. c3 Qc7 10. Ng5 Bd7 11. Qe1 e5 12. fxe5 Nxe5 13. Qh4 h6 14. Nf3 g5 15. Qe1 Ng6 16. Be3 Ng4 17. Bg1 Rfe8 18. h3 Nf6 19. Nc2 c4 20. Nd2 cxd3 21. Bxd3 d5 22. Qf2 Nf4 23. Bh2 Nxd3 24. Qxf6 Qxh2+ 25. Kxh2 Bxf6 26. Rxf6 dxe4 27. Nc4 Re6 28. Rxe6 Bxe6 29. Nd6 Bd5 30. Ne3 Rd8 31. Nxd5 Rxd6 32. Ne3 Nxb2 33. Rb1 Rd2 34. Nf1 Rc2 35. Ne3 Re2 36. Nf1 Rc2 37. Ne3 Rxc3 38. Rxb2 Rxe3 39. Rxb7 Ra3 40. Re7 e3 41. Kg1 a5 42. Kf1 a4 43. Ke2 Rxa2+ 44. Kxe3 Rxg2 45. Kf3 Rb2 46. Ra7 Rb3+ 47. Kg4 a3 48. h4 Rb4+ 0-1

[Event "Montreal Saturday op 11"]
[Site "Montreal CAN"]
[Date "2009.12.16"]
[Round "5"]
[White "Sonn, Eric"]
[Black "Lescarbeau, Martin"]
[Result "1-0"]
[WhiteElo "1480"]
[BlackElo "1541"]
[PlyCount "39"]
[GameId "2160767910030280"]
[EventDate "2009.11.18"]
[EventType "tourn"]
[EventRounds "5"]
[EventCountry "CAN"]
[SourceTitle "EXT 2011"]
[Source "ChessBase"]
[SourceDate "2011.11.26"]
[SourceVersion "1"]
[SourceVersionDate "2011.11.26"]
[SourceQuality "1"]

1. e4 c5 2. Nf3 Nc6 3. d4 cxd4 4. Nxd4 e5 5. Nb5 d6 6. N1c3 a6 7. Na3 f5 8. Bd3 Nf6 9. Bg5 Be7 10. Bxf6 Bxf6 11. exf5 Nd4 12. Qh5+ Kf8 13. Bc4 Qc7 14. Nd5 Nxc2+ 15. Kd2 Qc5 16. Ne3 d5 17. Bxd5 g6 18. fxg6 Bg4 19. g7+ Kxg7 20. Qxg4+ 1-0

[Event "Montreal int."]
[Site "Montreal CAN"]
[Date "2009.08.29"]
[Round "3"]
[White "Bluvshtein, Mark"]
[Black "Onischuk, Alexander"]
[Result "1-0"]
[WhiteElo "2558"]
[BlackElo "2699"]
[PlyCount "73"]
[GameId "2160767910093135"]
[EventDate "2009.08.27"]
[EventType "tourn"]
[EventRounds "11"]
[EventCountry "CAN"]
[EventCategory "15"]
[SourceTitle "CBM 132"]
[Source "ChessBase"]
[SourceDate "2009.09.16"]
[SourceVersion "1"]
[SourceVersionDate "2009.09.16"]
[SourceQuality "1"]

1. d4 Nf6 2. c4 e6 3. Nc3 Bb4 4. e3 O-O 5. Nge2 Re8 6. g3 d5 7. cxd5 Qxd5 8. Rg1 Qh5 9. h3 e5 10. g4 Qh4 11. Bg2 Nc6 12. d5 Ne7 13. Qb3 Bxc3+ 14. Nxc3 c6 15. d6 Be6 16. Qxb7 Ned5 17. Bd2 Rab8 18. Qxa7 Nb4 19. O-O-O Ra8 20. Qc7 Rec8 21. Qe7 Re8 22. Qc7 Rec8 23. Qe7 Qxf2 24. d7 Nxa2+ 25. Nxa2 Nxd7 26. Nc3 Ra1+ 27. Nb1 Qe2 28. Be4 Qc4+ 29. Bc2 Nb6 30. Qb4 Qa6 31. e4 Nc4 32. Bc3 Qa7 33. Rg3 h6 34. Rgd3 Rb8 35. Qxb8+ Kh7 36. Qb4 c5 37. Qb3 1-0

[Event "Montreal int."]
[Site "Montreal CAN"]
[Date "2009.08.29"]
[Round "3"]
[White "Shulman, Yuri"]
[Black "Akobian, Varuzhan"]
[Result "1-0"]
[WhiteElo "2648"]
[BlackElo "2626"]
[PlyCount "137"]
[GameId "2160767910093138"]
[EventDate "2009.08.27"]
[EventType "tourn"]
[EventRounds "11"]
[EventCountry "CAN"]
[EventCategory "15"]
[SourceTitle "CBM 132"]
[Source "ChessBase"]
[SourceDate "2009.09.16"]
[SourceVersion "1"]
[SourceVersionDate "2009.09.16"]
[SourceQuality "1"]

1. d4 d5 2. c4 e6 3. Nf3 Nf6 4. Nc3 Be7 5. Bf4 O-O 6. e3 c5 7. dxc5 Bxc5 8. cxd5 Nxd5 9. Nxd5 exd5 10. a3 Nc6 11. Bd3 Bb6 12. O-O Qf6 13. b4 h6 14. Bc2 Bf5 15. b5 Na5 16. Be5 Bxc2 17. Qxc2 Qe6 18. Rfd1 a6 19. Qd3 Rfd8 20. a4 Nc4 21. Bd4 axb5 22. axb5 Qe4 23. Qb3 Bxd4 24. Nxd4 Kh7 25. h3 Rxa1 26. Rxa1 Rd6 27. Qc2 Rb6 28. Qxe4+ dxe4 29. Rc1 Ne5 30. Rc7 Kg6 31. Kf1 Kf6 32. Ke2 Ng6 33. f3 Nf8 34. fxe4 Ne6 35. Nxe6 Kxe6 36. Rc5 Rd6 37. h4 g6 38. g4 Rd7 39. Rc8 Rd6 40. Re8+ Kd7 41. Re5 b6 42. Rd5 Ke6 43. Rd4 Rd7 44. Rc4 Ke5 45. h5 Rd6 46. Rc7 gxh5 47. gxh5 Rf6 48. Re7+ Re6 49. Rxf7 Kxe4 50. Rf4+ Kd5 51. Kf3 Re5 52. Rf6 Rxh5 53. Rxb6 Rf5+ 54. Kg4 Re5 55. Kf4 Re4+ 56. Kf3 Rh4 57. Rg6 Rh1 58. b6 h5 59. Rh6 h4 60. Kg4 Ke4 61. Re6+ Kd5 62. Re7 Kd6 63. Rh7 Re1 64. b7 Rg1+ 65. Kxh4 Rg8 66. Rg7 Rf8 67. Kg4 Ke5 68. Re7+ Kd6 69. Rf7 1-0

[Event "Montreal op"]
[Site "Montreal CAN"]
[Date "2009.09.11"]
[Round "1"]
[White "Audet-Bouchard, Nicolas"]
[Black "Castellanos Rodriguez, Renier"]
[Result "0-1"]
[WhiteElo "2123"]
[BlackElo "2431"]
[PlyCount "114"]
[GameId "2160767910096667"]
[EventDate "2009.09.11"]
[EventType "swiss"]
[EventRounds "5"]
[EventCountry "CAN"]
[SourceTitle "EXT 2011"]
[Source "ChessBase"]
[SourceDate "2011.11.26"]
[SourceVersion "1"]
[SourceVersionDate "2011.11.26"]
[SourceQuality "1"]

1. e4 c5 2. Nf3 e6 3. d4 cxd4 4. Nxd4 a6 5. Bd3 Bc5 6. Nb3 Be7 7. O-O d6 8. Be3 Nf6 9. c4 b6 10. Nc3 Bb7 11. Qe2 Nbd7 12. Rac1 O-O 13. Nd2 Rc8 14. Rfd1 Re8 15. b3 Qc7 16. f3 Qb8 17. Qf2 Bd8 18. Nf1 Bc7 19. Bb1 Ba8 20. Bd3 Ne5 21. Be2 Nfd7 22. f4 Ng6 23. g3 Nf6 24. Nd2 h5 25. h3 Bc6 26. a4 Nf8 27. g4 hxg4 28. hxg4 Ng6 29. g5 Nh7 30. Rf1 Bd8 31. Nf3 Qb7 32. Bd3 Ngf8 33. Qg3 b5 34. cxb5 axb5 35. Nxb5 Be7 36. Nd2 Bxb5 37. Bxb5 Red8 38. f5 exf5 39. exf5 d5 40. f6 Bd6 41. Qg4 g6 42. Qh4 Ne6 43. Nf3 Rxc1 44. Rxc1 d4 45. Nxd4 Nxd4 46. Bxd4 Ba3 47. Re1 Qd5 48. Be3 Bc5 49. Bc4 Bxe3+ 50. Rxe3 Qc5 51. Bxf7+ Kh8 52. Qf4 Qc1+ 53. Kg2 Rd2+ 54. Kf3 Qh1+ 55. Kg4 Rg2+ 56. Qg3 Nxf6+ 57. gxf6 Qh5+ 0-1

[Event "Montreal op"]
[Site "Montreal CAN"]
[Date "2009.09.11"]
[Round "1"]
[White "Jiang, Louie"]
[Black "Falardeau, Bruno"]
[Result "1-0"]
[WhiteElo "2278"]
[BlackElo "2024"]
[PlyCount "47"]
[GameId "2160767910096670"]
[EventDate "2009.09.11"]
[EventType "swiss"]
[EventRounds "5"]
[EventCountry "CAN"]
[SourceTitle "hb 2009.10"]

1. e4 Nf6 2. e5 Nd5 3. d4 d6 4. c4 Nb6 5. exd6 cxd6 6. Nc3 g6 7. Be3 Bg7 8. Rc1 Nc6 9. b3 O-O 10. Nf3 e5 11. Be2 Bg4 12. dxe5 dxe5 13. O-O Bf5 14. c5 Nc8 15. Bc4 Qa5 16. Ng5 Nd4 17. f4 Qxc5 18. g4 exf4 19. Rxf4 Qe5 20. Qxd4 Qe7 21. Qd2 Qxg5 22. h3 Be6 23. Bxe6 Qe5 24. Bd5 1-0

[Event "Montreal op"]
[Site "Montreal CAN"]
[Date "2009.09.11"]
[Round "1"]
[White "Khashper, Arkady"]
[Black "Gerzhoy, Leonid"]
[Result "0-1"]
[WhiteElo "2106"]
[BlackElo "2412"]
[PlyCount "40"]
[GameId "2160767910096671"]
[EventDate "2009.09.11"]
[EventType "swiss"]
[EventRounds "5"]
[EventCountry "CAN"]
[SourceTitle "EXT 2011"]
[Source "ChessBase"]
[SourceDate "2011.11.26"]
[SourceVersion "1"]
[SourceVersionDate "2011.11.26"]
[SourceQuality "1"]

1. e4 c5 2. Nf3 d6 3. d4 cxd4 4. Nxd4 Nf6 5. Nc3 a6 6. Be2 e6 7. O-O Be7 8. f4 O-O 9. Kh1 Qc7 10. Qe1 b5 11. Bf3 Bb7 12. e5 Ne8 13. f5 dxe5 14. fxe6 Bxf3 15. exf7+ Rxf7 16. Nxf3 Nd7 17. Bg5 Bf8 18. a3 Nd6 19. Bh4 Rc8 20. Bg3 Nc4 0-1

[Event "Montreal op"]
[Site "Montreal CAN"]
[Date "2009.09.11"]
[Round "1"]
[White "Leveille, Francois"]
[Black "Robichaud, Louis"]
[Result "1-0"]
[WhiteElo "2313"]
[BlackElo "2051"]
[PlyCount "87"]
[GameId "2160767910096674"]
[EventDate "2009.09.11"]
[EventType "swiss"]
[EventRounds "5"]
[EventCountry "CAN"]
[SourceTitle "hb 2009.10"]

1. d4 Nf6 2. Nf3 g6 3. c4 Bg7 4. Nc3 O-O 5. e4 d6 6. Be2 e5 7. dxe5 dxe5 8. Qxd8 Rxd8 9. Bg5 Re8 10. Nd5 Nxd5 11. cxd5 c6 12. Bc4 cxd5 13. Bxd5 Nc6 14. O-O-O Nb4 15. Bb3 a5 16. a3 a4 17. Bc4 Nc6 18. Kb1 Be6 19. Bxe6 Rxe6 20. Rd5 f6 21. Be3 Bf8 22. Rhd1 Rb8 23. Rb5 Re7 24. Bc5 Rc7 25. Bb6 Rf7 26. Rbd5 Re8 27. Rc1 Ra8 28. Rc2 Re7 29. h3 Bh6 30. g4 Bf4 31. Nd2 Bxd2 32. Rcxd2 Rf7 33. Rd7 Raf8 34. Rxf7 Rxf7 35. Kc2 f5 36. gxf5 gxf5 37. exf5 Rxf5 38. Be3 Kf8 39. Rd7 Rf7 40. Rd6 Rc7 41. Kd3 Rc8 42. Ke4 Na5 43. Rf6+ Ke7 44. Rh6 1-0

[Event "Montreal op"]
[Site "Montreal CAN"]
[Date "2009.09.11"]
[Round "1"]
[White "Luo, Zhao Yang"]
[Black "Bolduc, Steve"]
[Result "0-1"]
[WhiteElo "1898"]
[BlackElo "2244"]
[PlyCount "98"]
[GameId "2160767910096675"]
[EventDate "2009.09.11"]
[EventType "swiss"]
[EventRounds "5"]
[EventCountry "CAN"]

1. d4 Nf6 2. c4 e6 3. Nf3 b6 4. Bg5 Bb7 5. Nc3 Bb4 6. e3 h6 7. Bh4 g5 8. Bg3 Ne4 9. Qc2 Bxc3+ 10. bxc3 d6 11. Bd3 f5 12. Nd2 Nxg3 13. hxg3 Qf6 14. e4 f4 15. g4 Nd7 16. f3 e5 17. Nb3 a5 18. a4 h5 19. gxh5 Qf7 20. O-O-O c5 21. Rh3 Rxh5 22. Rdh1 Rxh3 23. Rxh3 O-O-O 24. Qf2 Ba6 25. Nd2 Qg7 26. Nb3 Rh8 27. Qg1 Rxh3 28. gxh3 Qh6 29. Qg4 Kc7 30. Kd2 Bc8 31. Qg2 Nf8 32. Bf1 Bd7 33. dxc5 dxc5 34. Nc1 Bxa4 35. Nd3 Nd7 36. Qg4 Qf6 37. Qh5 Bc6 38. Nf2 a4 39. Bd3 Qd8 40. Kc1 Qa8 41. Bb1 Qa5 42. Kd2 b5 43. Qxg5 b4 44. Nd3 bxc3+ 45. Kc1 Qb6 46. Ba2 a3 47. h4 Ba4 48. Qe7 Qg6 49. Qg5 Qd6 0-1

[Event "Montreal op"]
[Site "Montreal CAN"]
[Date "2009.09.11"]
[Round "1"]
[White "Melia, Salome"]
[Black "Fareh, Youness"]
[Result "1-0"]
[WhiteElo "2441"]
[BlackElo "2140"]
[PlyCount "99"]
[GameId "2160767910096676"]
[EventDate "2009.09.11"]
[EventType "swiss"]
[EventRounds "5"]
[EventCountry "CAN"]
[SourceTitle "EXT 2011"]
[Source "ChessBase"]
[SourceDate "2011.11.26"]
[SourceVersion "1"]
[SourceVersionDate "2011.11.26"]
[SourceQuality "1"]

1. e4 c5 2. Nf3 Nc6 3. d4 cxd4 4. Nxd4 Nf6 5. Nc3 e6 6. Ndb5 Bb4 7. a3 Bxc3+ 8. Nxc3 d5 9. exd5 exd5 10. Bd3 d4 11. Ne2 O-O 12. O-O Bg4 13. f3 Bh5 14. b4 a6 15. Bb2 Nd5 16. Rf2 Kh8 17. Nxd4 Nxd4 18. Bxd4 Nxb4 19. Bxg7+ Kxg7 20. axb4 Qd4 21. Be4 Qxb4 22. Qd5 Bg6 23. Qxb7 Qxb7 24. Bxb7 Ra7 25. Bd5 Rc8 26. c4 Bd3 27. Ra3 Bg6 28. Rfa2 Kf6 29. f4 Ke7 30. Rxa6 Rac7 31. Re2+ Kf8 32. Re3 h5 33. Kf2 Rb8 34. Ra2 Rb1 35. Re5 Kg7 36. Re3 Rd1 37. Rea3 Rc1 38. Ra7 Rxa7 39. Rxa7 Kf6 40. Ke3 Rd1 41. Ke2 Rd4 42. Ra6+ Ke7 43. Ke3 Rd3+ 44. Kf2 h4 45. h3 Rd4 46. Kf3 Bh5+ 47. Ke3 Rd1 48. f5 Rf1 49. f6+ Kd7 50. c5 1-0

[Event "Montreal op"]
[Site "Montreal CAN"]
[Date "2009.09.11"]
[Round "1"]
[White "Papineau (Granby), Daniel"]
[Black "Masse, Hugues"]
[Result "0-1"]
[WhiteElo "2078"]
[BlackElo "2267"]
[PlyCount "92"]
[GameId "2160767910096678"]
[EventDate "2009.09.11"]
[EventType "swiss"]
[EventRounds "5"]
[EventCountry "CAN"]
[SourceTitle "hb 2009.10"]

1. d4 Nf6 2. c4 g6 3. Nc3 Bg7 4. e4 d6 5. Be2 O-O 6. Nf3 e5 7. O-O Nc6 8. d5 Ne7 9. b4 Nh5 10. Rb1 Nf4 11. Re1 f5 12. Bf1 fxe4 13. Ng5 Nf5 14. Ngxe4 Nd4 15. c5 Bf5 16. Nb5 Nxb5 17. Bxb5 Qh4 18. Bxf4 exf4 19. Rb3 Be5 20. Bf1 Rae8 21. g3 Qe7 22. g4 Bd7 23. b5 f3 24. Rxf3 Qh4 25. h3 Rxf3 26. Qxf3 Rf8 27. Qg2 Qe7 28. c6 bxc6 29. dxc6 Be6 30. a4 Bb3 31. a5 Kg7 32. Nd2 Bh2+ 33. Qxh2 Qxe1 34. Nxb3 Qc3 35. Qg3 Rf3 36. Qh4 Qxb3 37. Qe7+ Rf7 38. Qe4 Qb2 39. Qe3 d5 40. g5 h5 41. Bd3 Kh7 42. h4 d4 43. Bxg6+ Kxg6 44. Qe6+ Kg7 45. Qh6+ Kg8 46. Qg6+ Kf8 0-1

[Event "Montreal op"]
[Site "Montreal CAN"]
[Date "2009.09.11"]
[Round "1"]
[White "Sambuev, Bator"]
[Black "Leutschaft, Martin"]
[Result "1-0"]
[WhiteElo "2531"]
[BlackElo "2142"]
[PlyCount "82"]
[GameId "2160767910096681"]
[EventDate "2009.09.11"]
[EventType "swiss"]
[EventRounds "5"]
[EventCountry "CAN"]
[SourceTitle "EXT 2011"]
[Source "ChessBase"]
[SourceDate "2011.11.26"]
[SourceVersion "1"]
[SourceVersionDate "2011.11.26"]
[SourceQuality "1"]

1. e4 e5 2. Nf3 Nf6 3. Nxe5 d6 4. Nf3 Nxe4 5. Nc3 Nxc3 6. dxc3 Be7 7. Bf4 Nc6 8. Qd2 Be6 9. O-O-O a6 10. h3 Qd7 11. Ng5 Bxg5 12. Bxg5 f6 13. Be3 O-O-O 14. b3 Kb8 15. g3 Rde8 16. Bg2 Bf5 17. c4 Re7 18. c5 dxc5 19. Qc3 Qe8 20. Rhe1 b6 21. Bxc5 bxc5 22. Bxc6 Rxe1 23. Bxe8 Rxd1+ 24. Kxd1 Rxe8 25. g4 Rd8+ 26. Kc1 Bc8 27. Qxc5 Rd7 28. Qf8 Kb7 29. a4 h6 30. a5 c6 31. Qc5 Kc7 32. c4 Bb7 33. b4 Kb8 34. Kc2 Rc7 35. Qd6 Bc8 36. Kc3 Kb7 37. f4 Kb8 38. Kd4 Kb7 39. Kc5 Bd7 40. f5 Bc8 41. Qd8 Kb8 1-0

[Event "Montreal op"]
[Site "Montreal CAN"]
[Date "2009.09.12"]
[Round "1"]
[White "Plante, Michel"]
[Black "Barbeau, Sylvain"]
[Result "1/2-1/2"]
[WhiteElo "2049"]
[BlackElo "2365"]
[PlyCount "98"]
[GameId "2160767910096682"]
[EventDate "2009.09.11"]
[EventType "swiss"]
[EventRounds "5"]
[EventCountry "CAN"]
[SourceTitle "hb 2009.10"]

1. d4 Nf6 2. Nf3 g6 3. Bg5 Bg7 4. Nbd2 d6 5. e4 h6 6. Bh4 g5 7. Bg3 Nh5 8. c3 Nd7 9. Bc4 e6 10. Qc2 a6 11. a3 Qe7 12. Ba2 Nf8 13. O-O-O Ng6 14. Rhe1 O-O 15. Nf1 b5 16. Ne3 a5 17. Nf5 Qd8 18. Nxg7 Kxg7 19. e5 d5 20. b3 Qe7 21. Kb2 Ba6 22. Bb1 Rfc8 23. b4 Ra7 24. Re3 Rca8 25. Ne1 Bc8 26. Qe2 Nxg3 27. fxg3 Bd7 28. Rdd3 Be8 29. Nc2 Ra6 30. Rf3 R6a7 31. Rf6 c5 32. bxc5 b4 33. cxb4 Bb5 34. Qe3 Bxd3 35. Qxd3 axb4 36. axb4 Ra4 37. Kc1 Nf8 38. h4 Nd7 39. hxg5 hxg5 40. Qe3 Nxf6 41. Qxg5+ Kf8 42. exf6 Qb7 43. Qg7+ Ke8 44. Qg8+ Kd7 45. Qxf7+ Kc6 46. Qxe6+ Kb5 47. Qe2+ Kc6 48. Qe6+ Kb5 49. Qe2+ Kc6 1/2-1/2

[Event "Montreal op"]
[Site "Montreal CAN"]
[Date "2009.09.12"]
[Round "1"]
[White "Rainfray, Arnaud"]
[Black "Hajiyev, Elshad"]
[Result "1-0"]
[WhiteElo "2394"]
[BlackElo "2086"]
[PlyCount "142"]
[GameId "2160767910096683"]
[EventDate "2009.09.11"]
[EventType "swiss"]
[EventRounds "5"]
[EventCountry "CAN"]
[SourceTitle "hb 2009.10"]

1. e4 d5 2. exd5 Qxd5 3. Nc3 Qd6 4. d4 Nf6 5. Nf3 c6 6. g3 Bg4 7. Bg2 e6 8. O-O Be7 9. h3 Bh5 10. g4 Bg6 11. Ne5 Nbd7 12. Bf4 Qb4 13. a3 Qb6 14. Nc4 Qd8 15. a4 Nb6 16. Ne5 Nbd5 17. Bg3 Nb4 18. Nxg6 hxg6 19. a5 Bd6 20. Be5 Nbd5 21. a6 b6 22. Qd3 Rc8 23. Rad1 Qc7 24. Rfe1 Kf8 25. Bg3 Rd8 26. Ne4 Nxe4 27. Bxe4 f6 28. Qf3 Kg8 29. Bxd6 Qxd6 30. Bxd5 cxd5 31. Re3 Kf7 32. Rde1 Rde8 33. b3 b5 34. Rc3 Re7 35. Rc5 Qxa6 36. b4 Rc8 37. Qc3 Rxc5 38. bxc5 Qa4 39. Rb1 Qc4 40. Qd2 e5 41. Rb4 Qa2 42. dxe5 Qa1+ 43. Kg2 Qxe5 44. Rxb5 Qe4+ 45. Kg1 Qc4 46. Qd3 Rc7 47. Kg2 a6 48. Qxc4 dxc4 49. Ra5 Rc6 50. Kf3 Ke6 51. Ke4 f5+ 52. Kd4 f4 53. Ra1 g5 54. Re1+ Kd7 55. Re5 Rh6 56. Rxg5 Rxh3 57. Rxg7+ Kc6 58. Rg6+ Kb7 59. Rg7+ Kc6 60. Rg6+ Kb7 61. Kxc4 Rf3 62. g5 Rxf2 63. Rg7+ Kb8 64. Rf7 f3 65. Kd5 Rg2 66. Kd6 Rxg5 67. Rf8+ Kb7 68. c6+ Ka7 69. Rf7+ Kb8 70. Rf8+ Ka7 71. c7 Rg6+ 1-0

[Event "Montreal op"]
[Site "Montreal CAN"]
[Date "2009.09.12"]
[Round "2"]
[White "Barbeau, Sylvain"]
[Black "Leutschaft, Martin"]
[Result "1-0"]
[WhiteElo "2365"]
[BlackElo "2142"]
[PlyCount "77"]
[GameId "2160767910096684"]
[EventDate "2009.09.11"]
[EventType "swiss"]
[EventRounds "5"]
[EventCountry "CAN"]
[SourceTitle "hb 2009.10"]

1. Nf3 Nf6 2. c4 c5 3. g3 g6 4. Bg2 Bg7 5. O-O O-O 6. d4 d6 7. Nc3 Nbd7 8. b3 a6 9. Bb2 Rb8 10. a4 cxd4 11. Nxd4 a5 12. Ra2 Nc5 13. Ba1 Qb6 14. Rd2 Bd7 15. Qb1 Bc6 16. Rfd1 Bh6 17. e3 Ng4 18. Re2 Ne5 19. e4 Bg7 20. Nd5 Bxd5 21. exd5 Rfe8 22. Qc2 Rbc8 23. Bc3 Bf6 24. Nb5 Bg7 25. Kh1 Bf6 26. f4 Ng4 27. Bh3 h5 28. Rde1 Kf8 29. Kg2 Rcd8 30. Bxg4 hxg4 31. h3 gxh3+ 32. Kxh3 Nd7 33. g4 Kg7 34. g5 Rh8+ 35. Kg3 Bxc3 36. Qxc3+ Kg8 37. Rxe7 Nf8 38. Rxf7 Kxf7 39. Qxh8 1-0